The story books of the early Hebrews. (Record no. 3409)

000 -LEADER
fixed length control field 00572nam a2200181 a 4500
001 - CONTROL NUMBER
control field :::00001139$&:&@@
003 - CONTROL NUMBER IDENTIFIER
control field OkBaRHE
005 - DATE AND TIME OF LATEST TRANSACTION
control field 20000607103241.0
008 - FIXED-LENGTH DATA ELEMENTS--GENERAL INFORMATION
fixed length control field s1919 j 000 0 eng u
040 ## - CATALOGING SOURCE
Transcribing agency
100 1# - MAIN ENTRY--PERSONAL NAME
Personal name Brown, Charles Reynolds,
245 14 - TITLE STATEMENT
Title The story books of the early Hebrews.
260 ## - PUBLICATION, DISTRIBUTION, ETC. (IMPRINT)
Place of publication, distribution, etc Boston, MA., :
Name of publisher, distributor, etc Pilgrim Press
Date of publication, distribution, etc c1919
300 ## - PHYSICAL DESCRIPTION
Extent 352 p. ;
Dimensions 21 cm.
650 ## - SUBJECT ADDED ENTRY--TOPICAL TERM
Topical term or geographic name as entry element Bible Old Testament
General subdivision History of Biblical Events
942 ## - ADDED ENTRY ELEMENTS (KOHA)
Source of classification or shelving scheme
Koha item type Books
Copies
Damaged status Lost status Source of classification or shelving scheme Koha item type Barcode Copy number Price effective from Shelving location Not for loan Permanent Location Withdrawn status Full call number Date acquired Date last seen
   Books113912010-04-14General Stacks RHEMA Bible Training College BS 550 .B72010-04-142018-02-16